000 00694aas a2200241 4500
999 _c743
_d743
003 BR-BrBNA
005 20230317232852.0
007 ta
008 230119b bl ||||| |||| 00| 0 por d
022 _a0100-6355
035 _a000485-5
040 _aBR-BrBNA
_bPor
_cBR-BrBNA
042 _a067772-8
044 _abl
245 _aRevista do Museu Nacional do Rio de Janeiro (Brazil)
260 _aRio de Janeiro-RJ
_bMuseu Nacional
_c1895. Data final de publicação em 1945
_eBRJ
270 _aMuseu Nacional - Quinta de Boa Vista
310 _airregular
505 _a1895 1; 1944 1(1-2); 1945 1-2(3-5);
650 1 2 _gMUSEUS DE C T; ANTROPOLOGIA
909 _a56
_bSergio Santos
_c56
_dSergio Santos
942 _cCR
_2AGRIS